Lovci mozků a euromanažeři

Gespeichert in:
Bibliographische Detailangaben
1. Verfasser: Šálek, Miloslav
Format: Buch
Sprache:Tschechisch
Veröffentlicht: Praha Inst. řízení 1991
Ausgabe:1. vyd.
Schlagworte:
Tags: Tag hinzufügen
Keine Tags, Fügen Sie das erste Tag hinzu!

MARC

LEADER 00000nam a2200000 4500
001 c003404
005 20221214094052.8
041 0 |a cze 
044 |a CZ 
245 1 0 |a Lovci mozků a euromanažeři  |c Miloslav Šálek 
250 |a 1. vyd. 
264 1 |a Praha  |b Inst. řízení  |c 1991 
300 |a 12 s. 
610 2 0 |a manažment 
610 2 0 |a pracovníci riadiaci 
610 2 0 |a Európske spoločenstvá 
610 2 0 |a veľkosť podnikov 
610 2 0 |a migrácia 
610 2 0 |a manažéri 
610 2 0 |a pohyb síl pracovných medzinárodný 
100 1 |a Šálek, Miloslav